Reptile Picture Quiz - Statistics

General Stats
  • This quiz has been taken 14,379 times
    14,364 since last reset
  • The average score is 13 of 18
Answer Stats
Picture Answer % Correct
Crocodile
99%
King Cobra
97%
Tyrannosaurus Rex
95%
Rattlesnake
92%
Komodo Dragon
89%
Tortoise
89%
Chameleon
86%
Iguana
86%
{Sea} Turtle
85%
Triceratops
80%
Gecko
78%
Stegosaurus
73%
Anaconda
62%
{Bearded} Dragon
56%
Black Mamba
49%
Gila Monster
42%
Skink
34%
Thorny {Devil}
30%
No matching quizzes found
Score Distribution
Percent of People with Each Score
Percentile by Number Answered
Your Score History
You have not taken this quiz since the last reset